History Quiz

Random History or Clickable Quiz
Score 0/21 Timer 04:00
2 Plays Today
% Correct
Sudan
88.9%
Denmark
82%
China
81%
Russia
77.6%
Yugoslavia
76.4%
Serbia and Montenegro
75.3%
Ethiopia
73.3%
Pakistan
70.3%
Ottoman Empire
63.9%
South Africa
61.3%
United States
61%
% Correct
Malaysia
58.8%
Portugal
58%
France
57.8%
United Kingdom
53.3%
Colombia
51.8%
Australia
50.6%
Netherlands
50%
Belgium
45.2%
New Zealand
42.9%
Spain
36.7%
Remove Ads.
Support Sporcle.
Get the best of Sporcle when you Go Orange. This ad-free experience offers more features, more stats, and more fun while also helping to support Sporcle. Thank you for becoming a member.

You're not logged in!

Compare scores with friends on all Sporcle quizzes.
OR
Log In

Show Comments

Extras

Top Quizzes Today


Score Distribution

Your Account Isn't Verified!

In order to create a playlist on Sporcle, you need to verify the email address you used during registration. Go to your Sporcle Settings to finish the process.

Report this User

Report this user for behavior that violates our Community Guidelines.

Details: